000 00254nam a22001217a 4500
999 _c533693
_d533693
020 _a0816535876
040 _cMSOHAIL
082 _a382.4568741
100 _aTom Miller
_927654
245 _aThe Panama Hat Trail
300 _a270,p;
942 _2ddc
_cBK